000 00326 a2200157 4500
001 57147
020 _a8570568827
040 _cAnchieta - Pituba
100 _aBraz, Júlio Emílio
240 1 0 _aSol ardente
_lpor
245 1 0 _aSol ardente
300 _a98
362 0 _a1997
650 4 _aLiteratura juvenil
942 _cBK
999 _c57147
_d57147